Car Models by Picture #11 - Statistics

General Stats
  • This quiz has been taken 136 times
  • The average score is 5 of 12
Answer Stats
Picture Hint Answer % Correct
Ferrari F40
84%
Lamborghini Gallardo
75%
Suzuki Jimny
59%
Mazda 6
57%
Ariel Atom
48%
Ford Escort
44%
Nissan Navara
39%
Opel Adam
37%
Chevrolet Impala
34%
Fiat Barchetta
21%
TVR Tuscan Speed Six
21%
Rover SD1
14%
No matching quizzes found
Score Distribution
Percent of People with Each Score
Percentile by Number Answered
Your Score History
You have not taken this quiz